01246cam a2200325 i 450000100090000000300090000900500170001800800410003502000240007604000380010008200220013824500760016025000190023626400440025530000570029933600260035633700280038233800270041050000730043750400510051065000470056165000330060865100100064165300220065165500170067370000360069094200120072699900170073895201650075518124253EG-ScBUE20230529100420.0140422s2015 enka f b 001 0 eng d a9780415725422 (pbk) aDLCbengerdacDLCdDLCdEG-ScBUE04a721.0284bMET22200aMetric handbook :bplanning and design data /cedited by Pamela Buxton. aFifth edition. 1aLondon ;aNew York :bRoutledge,c2015. a1 volume (various pagings) :billustrations ;c30 cm 2rdacontentatextbtxt 2rdamediaaunmediatedbn 2rdacarrieravolumebnc aRev. ed. of: Metric handbook / [edited by] David Littlefield, 2012. aIncludes bibliographical references and index. 7aBuildingxDetailsvDrawings.2BUEsh937733 7aMetric system.2BUEsh913032 2BUEsh bENGARCcApril2016 vReading book1 aBuxton, Pamela,eeditor.939846 2ddccBB c21645d21617 00102ddc40708AlahramaMAINbMAINc2NDd2016-04-18ePurchaseg486.00l7m25o721.0284 METp000032361r2026-03-24 00:00:00s2026-03-24v607.50w2016-04-18yBB